Amazonia : (Registro nro. 5294)

Detalles MARC
000 -CABECERA
Campo de control 01102nam a2200265 a 4500
005 - FECHA Y HORA DE LA ULTIMA TRANSACCION
Campo de control 20170918121114.0
008 - ELEMENTOS DE LONGITUD FIJA—INFORMACION GENERAL
Campo de control 880812s1982 ck ab r 10010 spa d
015 ## - NATIONAL BIBLIOGRAPHY NUMBER
National bibliography number ck-1982-xxxx
020 ## - ISBN
ISBN 8489206155
040 ## - FUENTE DE CATALOGACIÓN
Agencia catalogadora original la
Agencia transcriptora la
Agencia Modificadora CO-BoIAVH
041 0# - IDIOMA
Código de idioma para texto/pista de sonido o título separado Español
082 04 - NUMERO DE CLASIFICACION DECIMAL DEWEY
Número de clasificación 333.72
Número del ítem C74a
111 2# - ASIENTO PRINCIPAL--NOMBRE DE REUNION
Nombre de reunión o de jurisdicción como elemento de entrada Conferencia Internacional
Fecha de la reunión (1982 :
Lugar de la reunión Cali)
9 (RLIN) 60552
245 10 - MENCION DE TITULO
Título Amazonia :
Parte restante del título investigación sobre agricultura y uso de tierras /
Mención de responsabilidad Editora Susanna B. Hecht.
260 ## - PUBLICACION, DISTRIBUCION, ETC. (PIE DE IMPRENTA)
Lugar de publicación, distribución, etc. Cali :
Nombre del editor, distribuidor, etc. Centro Internacional de Agricultura Tropical,
Fecha de publicación, distribución, etc. 1982.
300 ## - DESCRIPCION FISICA
Extensión 448 páginas :
Otros detalles físicos ilustraciones, diagramas y mapas ;
Dimensiones 23 cm.
490 00 - MENCION DE SERIE
Mención de serie Serie CIAT
650 14 - ASIENTO SECUNDARIO DE MATERIA - TERMINO TEMATICO
Término temático o nombre geográfico como elemento de entrada Recursos naturales
Subdivisión geográfica Amazonas (Región)
Subdivisión de forma Congresos, conferencias, etc.
9 (RLIN) 60553
650 24 - ASIENTO SECUNDARIO DE MATERIA - TERMINO TEMATICO
Término temático o nombre geográfico como elemento de entrada Agricultura
Subdivisión general Investigaciones
Subdivisión geográfica Amazonas (Región)
Subdivisión de forma Congresos, conferencias, etc.
9 (RLIN) 60554
650 24 - ASIENTO SECUNDARIO DE MATERIA - TERMINO TEMATICO
Término temático o nombre geográfico como elemento de entrada Tierra
Subdivisión general Uso
Subdivisión geográfica Amazonas (Región)
Subdivisión de forma Congresos, conferencias, etc.
9 (RLIN) 60555
700 1# - ASIENTO SECUNDARIO - NOMBRE PERSONAL
Nombre personal Hecht, Susana B.,
Término de relación editora.
9 (RLIN) 60556
710 2# - ASIENTO SECUNDARIO - NOMBRE CORPORATIVO
9 (RLIN) 60557
Nombre corporativo o de jurisdicción como elemento de entrada Centro Internacional de Agricultura Tropical (CIAT)
Lugar de la reunión Cali.
942 ## - ELEMENTOS ADICIONALES (KOHA)
Sistema de clasificación Dewey Decimal Classification
Tipo de ítem Libro
949 ## - LOCAL PROCESSING INFORMATION (OCLC)
a m
b c
Existencias
Withdrawn status Lost status Sistema de Clasificación Damaged status No para préstamo Colección Inventariado Ubicación Permanente Ubicación actual Fecha de adquisición Fuente de Valor Valor Total Checkouts Número topográfico Inventario / Código de Barras Date last seen Ejemplar Price effective from Forma de adquisición Tipo de material
    Dewey Decimal Classification     General Inventariado 2017 Bogotá Bogotá 28/09/2006 Amazon 40000.00   LB333.72 C74a 023341 04/12/2012 Ej. 1 04/12/2012   Libro